000 00624nam a2200169 4500
008 240105b |||||||| |||| 00| 0 eng d
020 _a9558708903
082 _a330.954
_bINS
110 _aInstitute of Policy Studies
245 _aSri Lanka state of the economy 2015:
_beconomic reforms; political economy and institutional challenges
260 _aColombo:
_b Institute of Policy Studies of Sri Lanka,
_c2015
300 _a 205, xxv p. : ill. (black and white) ; 26 cm
650 _aEconomic forecasting- Sri Lanka
650 _aSri Lanka -Economic conditions- 21st century
650 _aEconomic history
942 _cRP
999 _c4591
_d4591